000
00216nam a2200085Ia 4500
008
120527s9999 xx 000 0 und d
100
_a
Todaro, Michael
245
_a
Economics development in the third world
942
_c
BK
999
_c
27136
_d
27136